[Event "Match 81__120'/40"]
[Site "Zürich"]
[Date "2025.??.??"]
[Round "38"]
[White "Fidelity Excel Mach III"]
[Black "Scorpio 68000 sel. 4"]
[Result "1/2-1/2"]
[Annotator "Utzinger,K"]
[WhiteElo "2020"]
[BlackElo "2043"]
[PlyCount "133"]
[EventDate "2025.??.??"]

{[%evp 0,133,25,24,11,28,115,65,111,92,90,90,107,104,80,69,66,66,80,66,74,91,91,65,117,72,120,108,90,84,105,93,97,95,98,111,95,33,45,71,60,54,77,57,61,68,61,69,60,68,53,43,31,34,42,29,43,29,41,-106,34,41,34,56,38,12,21,14,18,12,16,10,9,0,2,14,23,20,28,3,29,1,46,48,32,30,30,29,32,30,30,31,29,31,30,30,30,15,7,11,27,19,28,20,32,16,25,6,51,48,48,0,0,0,0,0,0,0,0,0,0,0,0,0,0,0,0,0,0,0,0,0,0,0,0,0]} 1. e4 e5 {Match 120'/40 | Bediener: Rolf Bühler | Kommentator: Kurt Utzinger | 38. Partie: Remis | Zwischenstand: 21-17 (55,2%) für Mach III | Stand hypothetisch: 21-17 (55,2%) für Mach III | Eröffnung: Offene Partie, Damiano Verteidigung 2...f6 | Buchzüge: 2 von Scorpio, 2 von Mach III | Partieverlauf: Obwohl es Weiss nicht gelingt, gegen die mehr als zweifelhafte Eröffnungsanlage seines Gegner die beste Antwort zu finden, erhält er doch Vorteil. Die Öffnung der Stellung mit 5...d5? hätte für den Scorpio 68000 sel. 4 bereits das Ende bedeuten können. Der Mach III wickelt jedoch unglücklich ab und muss sich mit völligem Ausgleich zufriedengeben. Im weiteren Verlauf scheint die Partie einem friedlichen Remis zuzusteuern. Dann der fehlerhafte Rösselsprung 29.Sa5?, der den Mach III die Qualität hätte kosten sollen. Der Scorpio 68000 sel. 4 vermag jedoch den taktischen Missgriff nicht zu nutzen. Und so endet die Partie schliesslich mit einem leistungsgerechten Remis.} 2. Nf3 {***ENDE BUCH***} f6 $6 {***ENDE BUCH*** Stockfish 17.1 Bewertung: +- (2.10) (99%) Depth: 41/66} 3. d4 $16 {Dass ein Oldie die stärkste Fortsetzung mit dem Scheinopfer 3.Sxe5 nicht findet, ist nicht überraschend. Die Varianten sind einfach zu tief. Aber auch mit dem Textzug liegt der Vorteil noch bei Weiss.} (3. Nxe5 $1 {Diesen stärksten Zug hätte der Scorpio noch in seinem Buch. Der Springer darf nicht geschlagen werden.} {Nur mit} Qe7 {kann Schwarz noch Widerstand leisten, auch wenn er schlechter zu stehen kommt.} (3... fxe5 $4 {verliert} 4. Qh5+ Ke7 (4... g6 5. Qxe5+ Qe7 6. Qxh8 $18) 5. Qxe5+ Kf7 6. Bc4+ d5 $1 (6... Kg6 $2 7. Qf5+ Kh6 8. h4 Qe7 9. d3+ g5 10. Bxg5+ Kg7 11. Bxe7 $18) 7. Bxd5+ Kg6 8. h4 h6 (8... h5 9. Bxb7 $18) 9. Bxb7 $1 Bd6 (9... Bxb7 10. Qf5#) 10. Qa5 Nf6 11. Bxa8 $18) 4. Nf3 d5 5. d3 dxe4 {sonst bleibt Schwarz mit einem Bauern weniger hängen.} 6. dxe4 Qxe4+ 7. Be2 {und der Entwicklungsvorsprung verspricht dem Anziehenden deutlichen Vorteil. Die Engine meint gar: +- 2.30(99%)/50.}) 3... d6 4. Bb5+ {Eher würde man 4.Lc4 oder 4.Sc3 erwarten.} c6 5. Be2 {Stellungsbewertung Stockfish 17.1: +/- (1.39) (90%) (+80% =20% -0%) Depth: 44/75 also klarer Vorteil für Weiss.} {[#]} d5 $2 $19 {[%mdl 2] ***VERLUST*** Besser würde sich Schwarz um seine Entwicklung kümmern, statt die Stellung zu öffnen. Die Bewertung von Stockfish 17.1 nach 6.Sc3 mit +- (2.63) (100%) (+100% =0% -0%) Depth: 48/77 impliziert, dass Weiss bereits einen gewinnbringenden Vorteil hat.} 6. dxe5 $2 {Weiss verkennt die Lage und gerät von "gewinnt" zu "leichter Vorteil".} ({Stockfish 17.1:} 6. Nc3 dxe4 7. Nxe4 Bf5 8. Bd3 Bxe4 9. Bxe4 Nd7 10. O-O g6 11. Qe2 Qe7 12. d5 Rc8 13. Be3 Qb4 14. Bd2 Qd6 15. dxc6 bxc6 16. Rad1 Nc5 17. Rfe1 Nxe4 18. Qxe4 Rd8 19. g4 Qd5 20. g5 Qxe4 21. Rxe4 Bg7 22. gxf6 Bxf6 23. Rde1 Ne7 24. Bb4 Nf5 25. Nxe5 Bxe5 26. Rxe5+ Kf7 27. Rc5 Rhe8 28. Kf1 Rxe1+ 29. Kxe1 Rd4 30. Bc3 Re4+ 31. Kf1 Ne7 32. b3 Ke6 33. Bb2 Rh4 34. Kg2 Re4 35. Kf3 Re1 36. Rc4 Rb1 37. Bd4 a6 38. Bc3 Rc1 {[%eval 257,49] [%wdl 996,4,0]}) 6... dxe4 7. Qxd8+ Kxd8 8. Nfd2 e3 $1 {Stark gespielt, bzw. besser als} (8... fxe5 9. Nxe4 {wo Schwarz mit einem isolierten Bauern hängenbleibt.}) 9. fxe3 fxe5 10. Nf3 Nd7 $6 {Die übermächtige Engine Stockfish 17.1 würde den e5-Bauern für eine rasche Entwicklung hergeben. So etwas darf man jedoch von keinem unserer geliebten Schätze erwarten.} ({Stockfish 17.1:} 10... Nf6 {0.45(52%)/46} 11. Nxe5 Be6 12. Nf3 Nbd7 13. Nd4 Bf7 14. Nc3 Kc7 15. Bd2 Re8 16. O-O-O g6 17. Rhf1 Bh6 18. e4 Bxd2+ 19. Rxd2 Re7 20. b4 Rc8 21. a4 Bg8 22. Rfd1 a5 23. bxa5 Nc5 24. Bf3 Ree8 25. Re1 Nfd7 26. Kb2 Ra8 27. Nb3 Nxb3 28. cxb3 Rxa5 29. b4 Raa8 30. Be2 Ne5 31. Kc2 Rf8 32. a5 Rf2 {[%eval 45,46] [%wdl 47,953,0]}) 11. Ng5 $16 {Weiss kommt damit wieder in Vorteil. Es droht Sf7+ nebst Sxh8.} Ke7 12. Bc4 $2 $11 {Ohne eine tiefe Analyse bleibt es unverständlich, weshalb Weiss mit diesem Zug seinen Vorteil praktisch vergibt. Dieser war offenbar mit 12.Sd2 zu halten.} Nh6 $2 $16 {Ausgleich war mit 12...Sgf6 möglich. Aber auch 12...b5 13.Le2 Sgf6 war gut genug.} 13. O-O {Etwas stärker sind:} (13. e4 Nc5 {+/- 1.37(93%)/42}) (13. Nd2 Nf5 14. Nde4 {+/- 1.23(93%)/42}) 13... Nf6 14. Bd2 {Ziemlich passiv.} Ke8 15. a4 Bc5 16. b4 Bd6 {Exakter 16...Le7, denn auf d6 ist der Läufer später dem Angriff Sa3-c4 oder Td1 ausgesetzt.} 17. Na3 Bf5 (17... Ke7 {was das Feld e6 unter Kontrolle bringt, war sinnvoller.}) 18. Ne6 $2 {Damit vergibt Weiss seinen Vorteil.} ({Mit} 18. Bb3 Ne4 19. Nc4 Be7 20. Nxe4 Bxe4 21. b5 $16 {bliebe Weiss im Vorteil.}) 18... Bxe6 19. Bxe6 Ke7 $11 {Schwarz hat die Türme verbunden und die Entwicklung abgeschlossen. Er kann nun der Zukunft sorgenlos entgegensehen.} 20. Bh3 Ne4 {Zwei andere Fortsetzungen sind vielleicht noch attraktiver.} (20... Nhg4 {schränkt den Lh3 ein} 21. Nc4 h5 22. Nxd6 Kxd6 $11) (20... Nf7 21. Nc4 Ng5 22. Bf5 Nge4 $11) 21. Be1 Rhf8 22. Rd1 Rxf1+ 23. Kxf1 Nf7 24. Nc4 Rd8 $11 {Bei fehlerfreiem Spiel sollte diese Partie nun mit Remis enden.} 25. Kg1 {Weshalb den König nicht mit 25.Ke2 zentralisieren?} g6 {Nimmt dem weissfeldrigen Läufer die Felder f5 und h5.} 26. Bh4+ g5 27. Be1 Kf6 28. Rd3 h5 $11 {droht Figurengewinn durch ...g4.} {[#]} 29. Na5 $2 $19 {[%mdl 32768] Ein taktischer Missgriff, der wenigstens Qualitätsverlust zur Folge haben sollte. Dabei sieht sich der Mach III nach 5 MIn. auf Suchtiefe mit 0.83 im Vorteil und erwartet die schwache Antwort ...Tb8?} Rb8 $2 {Schwarz geht am Sieg vorbei. Erstaunlich, dass der Scorpio 68000 sel. 4 diese Gelegenheit verpasst. Das Kittinger Programm meint 0.00 in Erwartung der Zugwiederholung durch 30.Ld7 Td8 31.Lh3 Tb8 usw.} (29... g4 {auf diese korrekte Antwort sinkt die Bewertung des Mach III nach 30.Lh4 sofort auf -0.71.} 30. Nxb7 (30. Bh4+ {bringt nichts} Ke6 31. Bxd8 Nxd8 32. Bxg4+ hxg4 $19) 30... Rc8 31. Bxg4 hxg4 $19) 30. g4 hxg4 31. Bxg4 Bc7 32. Nb3 Nfd6 33. Nd2 Nxd2 34. Bxd2 e4 35. Rd4 Rd8 36. a5 Nf5 {erzwingt den Turmtausch} 37. Rxd8 Bxd8 38. Bc3+ Kg6 39. Kf2 Bc7 40. h3 a6 41. Bd4 Bg3+ 42. Ke2 Bd6 43. c3 Bf8 44. Kd2 Be7 45. Kc2 Bd6 46. Bb6 Kf6 47. Kb3 Bg3 48. Bd1 Bf2 49. Bd8+ Ke5 50. Bc7+ Ke6 51. Bc2 Nd6 52. Bb6 Kd5 53. Ba7 b5 54. axb6 Bxe3 55. c4+ Nxc4 56. Bxe4+ Kxe4 57. Kxc4 Kf3 58. Kb3 c5 59. bxc5 Bxc5 60. Kc4 Bg1 61. Kb4 Kg2 62. Ka5 Kxh3 63. Kxa6 Bxb6 {Beseitigt den letzten weissen Bauern, so dass theoretisch nur noch Schwarz gewinnen kann, sollte Weiss zulassen, dass der gegnerische Bauer durchläuft. Praktisch betrachtet wäre ein schwarzer Sieg nur noch durch einen Bug im Programm des Mach III möglich.} 64. Bxb6 Kg3 65. Kb5 g4 66. Kc4 Kg2 67. Kd3 {***REMIS ABGEBROCHEN***} 1/2-1/2

[Event "Match 81__120'/40"]
[Site "Zürich"]
[Date "2025.??.??"]
[Round "39"]
[White "Scorpio 68000 sel. 4"]
[Black "Fidelity Excel Mach III"]
[Result "1-0"]
[Annotator "Utzinger,K"]
[WhiteElo "2043"]
[BlackElo "2020"]
[PlyCount "120"]
[EventDate "2025.??.??"]

{[%evp 0,120,21,23,33,-2,-5,3,6,19,7,5,7,-32,-32,9,15,41,43,40,85,61,72,49,52,4,-14,-6,-10,-26,-10,-64,-13,-30,-11,-45,75,54,49,64,71,63,63,77,265,285,596,253,371,310,371,263,269,410,603,146,166,113,172,171,190,179,191,177,175,180,249,170,174,169,178,169,170,152,164,119,117,117,106,101,108,103,124,143,129,145,233,148,153,20,133,142,147,155,179,37,47,121,154,118,634,679,702,735,743,744,804,823,857,857,866,868,868,992,1012,1154,28951,1884,29981,29980,29981,29988,29989]} 1. e4 e5 {Match 120'/40 | Bediener: Rolf Bühler | Kommentator: Kurt Utzinger | 39. Partie: Weiss (Scorpio) gewinnt | Zwischenstand: 21-18 (53,8%) für Mach III | Stand hypothetisch: 21-18 (53,8%) für Mach III | Eröffnung: Königsgambit, Schallop Verteidigung 3...Sf6 4.e5 Sh5 | Buchzüge: 8 von Scorpio, 4 von Mach III | Partieverlauf: Nach Ende ihrer Buchzüge sind beide Programme überfordert. Der Mach III gerät bereits mit 9...Dg5? in eine nicht erkennbare Verluststellung. Begreiflicherweise vermag der Scorpio 68000 sel. 4 das nicht auszunutzen. Nach dem weiteren Fehler 18...Le6? des Mach III spielt das Programm von David Kittinger bärenstark auf. Und es schien nur eine Frage der Zeit, bis Schwarz die Waffen strecken müsste. Mit dem taktischen (?) Versehen 44.Txf4? macht der Scorpio im Endspiel seinen Vorteil zunichte. Umgehend revanchiert sich aber sein Gegner mit 44...Sh4+?. In der Folge zeigt der Scorpio 68000 sel. 4 aufgrund der unter MessChess getesteten Züge, dass er dem Mach III in diesem Endspiel überlegen ist und den vollen Punkt einfahren kann.} 2. f4 exf4 3. Nf3 Nf6 4. e5 Nh5 {***ENDE BUCH***} 5. Be2 d6 6. O-O dxe5 7. Nxe5 Qd4+ 8. Kh1 {***ENDE BUCH***} Qxe5 9. Bxh5 {Entwicklung 9.d4 mit Tempo ist besser.} {[#]} Qg5 $2 $18 {[%mdl 2] ***VERLUSTZUG*** gemäss Stockfish 17.1 mit Bewertung: +- 2.57(100%)/40} ({PROMENADE-bmi2:} 9... Qd4 {1.29(88%)/48} 10. Qe2+ Kd8 11. Nc3 Nc6 12. Bxf7 Be7 13. Nd5 Bd6 14. d3 Qe5 15. Nxf4 Rf8 16. Qxe5 Nxe5 17. Bd5 Ng6 18. g3 Nxf4 19. Bxf4 Bh3 20. Rf3 Bg4 21. Rf2 Kd7 22. Kg2 Rae8 23. Be4 Bc5 24. Rff1 c6 25. Rae1 a5 26. a4 g6 27. b3 Bb4 28. Bh6 Bxe1 29. Bxf8 Bc3 30. Bc5 Be6 31. Rf4 b5 32. axb5 cxb5 33. d4 Bg8 34. Kf3 a4 35. bxa4 bxa4 36. Rf6 Be6 37. Ke3 Bf5 38. Kd3 Bxe4+ 39. Kxc3 {[%eval 129,48] [%wdl 759,241,0]}) 10. d4 {Die bescheidene und gar negative Bewertung von Scorpio 68000 sel. 4: Bewertung -00.28, d07 (Ld6) gegenüber 2.57 von Stockfish 17.1 nach fast 6 Min. zeigt eine riesengrosse Differenz.} g6 $6 {Selbstverständlich weiss auch der Mach III nichts von seiner Gewinnstellung gemäss Stockfish. Und so wird nach 4 Min. eine analog seinem Gegner sehr bescheidene Bewertung von 0.07, depth 6-1 (Le2) ausgeworfen.} (10... Bd6 {ist besser}) 11. Qe1+ ({Noch stärker ist} 11. Bf3 {+- 2.85(100%)/41}) 11... Qe7 12. Bd1 $2 $14 {Mit diesem passiven Rückzug wirft Weiss seine Gewinnstellung weg.} (12. Bxf4 gxh5 (12... Qxe1 13. Rxe1+ Kd7 14. Be2 $18) 13. Be5 Rg8 14. Nc3 c6 15. Ne4 Rg6 16. Bf6 Qe6 17. c4 Rg4 18. Ng5 Qxe1 19. Raxe1+ Be6 20. d5 cxd5 21. cxd5 h6 22. Nh7 Nc6 23. dxe6 fxe6 24. Nxf8 Kxf8 25. Rxe6 $18) 12... g5 13. Qf2 {droht Te1 mit wenigstens Figurengewinn} Qd8 14. Re1+ Be7 15. c4 c6 {Den König mittels der Rochade in Sicherheit zu bringen, verdiente jedenfalls den Vorzug.} 16. Nd2 Na6 {Entwicklung, ohne dem Läufer c8 die Diagonale zu verstellen.} 17. b3 $11 {Da die Drohung Lc1-a3 durch die Rochade leicht abgewehrt werden kann, sollte Weiss sinnvoller die gegnerische Absicht ...Lf5 durch 17.Lc2 bekämpfen. Damit würde sich Weiss noch einen geringen Vorteil sichern.} (17. Bc2 Be6 18. Nf3 $14) 17... Nb4 $2 {Das bringt Schwarz in Schwierigkeiten. Der Mach III hätte endlich seinen König durch die kurze Rochade aus dem Zentrum entfernen sollen.} 18. Qe2 $16 {Nun ist der Traum der Rochade zu Ende.} {[#]} Be6 $2 $19 {[%mdl 2] Schon wieder ein ***VERLUSTZUG***, jedoch zu tief für unsere Oldies. Nach der verpassten Rochade hätte sich Schwarz jetzt zu 18...Kf8 entscheiden müssen.} 19. Bb2 $1 {Deckt den angegriffenen Bauer auf d4 und droht Figurengewinn mit dem Vorstoss d4-d5. Die Engine-Bewertung sieht schon fürchterlich aus für Schwarz: +- 3.22(100%)/44 mit absolut entscheidendem Vorteil für Weiss. Die Gewinnvarianten sind aber wieder einmal jenseits von Gut und Böse für unsere Oldies, sprich: nicht zu erkennen.} Rg8 {Auch 19...Lf6 war keine Rettung mehr.} 20. a3 $1 Na6 21. Bc2 $1 {Der Scorpio 68000 sel. 4 trifft mit jedem Zug ins Schwarze, obwohl er sich nach 6 Min auf ST 8 erst mit 00.30 im Vorteil sieht.} Qc7 {Hoffnungslos wie alles andere auch.} (21... h6 22. d5 cxd5 23. Bh7 Rf8 24. Rad1 {und nun haben die Engines das Wort:} {PROMENADE-bmi2: 1)} d4 {+- 4.95(100%)/41} ({PROMENADE-bmi2: 2)} 24... Nc7 {+- 5.18(100%)/41} 25. Ne4 dxe4 26. Rxd8+ Kxd8 27. Bxe4 Kc8 28. b4 Rd8 29. Be5 Rd7 30. Rd1 Bxc4 31. Rxd7 Bxe2 32. Rxe7 Kd8 33. Rxc7 Rc8 34. Rxc8+ Kxc8 35. Bg7 h5 36. Bh6 f6 37. Bg7 f5 38. Bxf5+ Kc7 39. Bh6 f3 40. gxf3 Bxf3+ 41. Kg1 g4 42. Kf2 Kc6 43. Kg3 Kb5 44. Bg6 Ka4 45. Bc1 a5 46. b5 h4+ 47. Kxh4 Kxb5 48. Kg5 Kc4 49. Bf5 Kc3 50. Bxg4 Bxg4 51. Kxg4 a4 52. Be3 {[%eval 518,41] [%wdl 1000,0,0]}) 25. Nf3 Qb6 26. Bxd4 Nc5 27. b4 O-O-O 28. bxc5 Bxc5 29. Rb1 Bxd4 30. Rxb6 axb6 31. Nxd4 Rxd4 32. Be4 Rfd8 33. h3 R8d6 34. Bf3 h5 35. Rc1 g4 36. Bd5 Kd7 37. Qe5 Bxd5 38. cxd5 R4xd5 39. Qxf4 f6 40. h4 Rc6 41. Re1 Re6 42. Rxe6 Kxe6 43. Qc7 Rd3 44. Qc4+ Rd5 45. Qc8+ Kd6 46. Qxb7 b5 47. Qb6+ Ke7 48. Qc7+ Ke6 49. Qc6+ Ke5 50. Kh2 g3+ 51. Kxg3 {[%eval 495,41] [%wdl 1000,0,0]}) 22. d5 $1 {Scorpio: +1.20, d08 (cxd5)} Rf8 {Das ist noch ungünstiger als auf d5 mit dem Bauern zu schlagen. Nun gibt es bereits verschiedene Wege zum Sieg.} 23. Bxh7 {Unter MessChess kann ich den Textzug nicht nachvollziehen. Der Läuferzug gewinnt zwar auch, aber bei mir will Weiss einfach auf e6 den Läufer schlagen, was der Scorpio 68000 sel. 4 bei d08 mit einer Bewertung von 03.42 versieht.} cxd5 24. cxd5 {Scorpio 68000 sel. 4: 01.34, d08 (Lxd5)} Bxd5 25. Bg7 {Scorpio +01.38. d06 (Td8). Noch stärker sind 25.Tac1 und 25.Lf5. Ab Suchtiefe d07 wäre das auch der Zug des Scorpio, der sich in dieser Stellung unglaublich schwertut, normale Suchtiefen zu erlangen.} Rd8 26. Rac1 {Scorpio 68000 sel.4: +01.33, d07 (Dd7)} Qd7 27. Bxf8 {Wesentlich stärker ist 27.Lf5 oder 27.Se4, obwohl der Textzug ebenfalls noch gewinnt.} Kxf8 28. b4 {Scorpio: +01.26, d07 (f6)} Bxg2+ {Keine echte Entlastung bringt das für Schwarz.} 29. Qxg2 {Scorpio: +01.89, d07 (Dxd2)} Qxd2 30. Qxb7 {Scorpio: +01.49, d07 (Dd5+)} Qd5+ 31. Qxd5 Rxd5 32. Rc8+ Rd8 33. Rxd8+ Bxd8 34. Kg2 Bb6 35. Bd3 Nc7 36. Re5 f6 37. Re4 Nd5 38. h3 Ne3+ 39. Kf3 Kf7 40. Bc4+ Kg6 41. a4 Nf5 42. a5 Bd4 43. Bd3 Kf7 $18 44. Rxf4 $2 $11 {[%mdl 8192] Ein taktischer Fehler, wonach der weisse Vorteil völlig im Eimer ist. Scorpio 68000 sel. 4 sieht sich mit 01.23, d10 und der Variante 44...gxf4 45.Lxf5 Lc3 46.b5 Lxa5 47.Kxf4 Le2 völlig falsch im Vorteil.} (44. Bc4+ Kg6 45. Be6 Nh4+ 46. Ke2) {[#]} 44... Nh4+ $2 {[%mdl 2] ***VERLUST*** Der Mach III zahlt den gegnerischen Patzer in gleicher Münze heim und gerät nun wieder in eine verlorene Stellung. Mach III: -0.35, Tiefe 9-1 (Txh4?), wobei sich erst auf Tiefe 10-1 nach rund 19 Min. die Stellungsbewertung auf -0.64 ändert und das richtige 44...gxf4 als Hauptzug auftaucht.} (44... gxf4 45. Bxf5 Bc3 46. a6 (46. b5 Bxa5 47. Kxf4 Be1) 46... Bxb4 47. Kxf4 $11 {und dieses Endspiel mit ungleichfarbigen Läufern ist tot Remis.}) 45. Ke4 $1 $18 {Scorpio: +00.35, d09 (Lc3) | Bewertung Stockfish 17.1: +- 5.38(100%)/40} (45. Rxh4 $2 gxh4 46. b5 Ke6 $11) 45... gxf4 {Mach III: -0.34, depth 9-1 (Kxd4) nach 6m25s, bemerkt also noch nichts von Verlust.} 46. Kxd4 Nf3+ {Mach III: -0.56, depth 9-1 (Ke4) nach 7m45s} 47. Kc5 $18 Ne5 {Mach III nach 7 Min: -0.19, depth 9-0 (Lf1) bzw. nach 8m25s: -0.46, depth 9-2 (Lf1)} 48. Bf1 f3 {Mach III nach 4m30s: -0.75, depth 9-2 (Kb5)} 49. Kd6 $1 {Scorpio 68000 sel.4: 01.12, d10 05-13 (Ke8). Den starken Königszug 49.Kd6 hatte der Mach III nicht im Köcher.} f2 {Mach III: -0.66, depth 9-2 (b5) Noch immer erkennt das Programm von Kathe & Dan Spracklen nicht, dass seine Stellung total verloren ist.} 50. b5 {Scorpio 68000 sel. 4: +03.25, d10 11-12 (Ke8)} Nf3 {Mach III: -2.61} 51. b6 {Scorpio 68000 sel. 4: +03.08, d10 10-12 (Sd2)} Nd2 52. Ba6 axb6 53. axb6 f1=Q 54. Bxf1 Nxf1 55. b7 Ng3 56. b8=Q Nf5+ 57. Kd7 Ng7 58. h4 Kg6 59. Qg8 f5 60. Ke7 Kh5 {***AUFGEGEBEN***} 1-0